000 00670nam a22001937a 4500
999 _c166701
_d166701
005 20190805170053.0
010 _aUR-10344
020 _c300.00
_a8187887192
035 _aU-8899
037 _bDBAD/PUB
082 _a440
100 _aمو لف: ضمير الد ين
245 _aلفظيا ت ا شعا ر غا لب
_cمو لف: ضمير الد ين
246 _bLafziat-e-Ash"AAR-e-Ghalib (Urdu)
_aby Prof.Zameeruddin
260 _aBhopal
_bFas Computeronics
_c2019 ء
270 _a37,Opp. Chowki Talayya Masjid Ghulam Mehmood Road,
_bBhopal
_e462001
_k9424417638
_l-
300 _a247 ص
_c22 Cm(Hb)
942 _2ddc
_cUR
_h440
_mض م ی